Epikarst – A Promising habitat (Record no. 33636)
[ view plain ]
| 000 -LEADER | |
|---|---|
| fixed length control field | 00663nam a2200145Ia 4500 |
| 008 - FIXED-LENGTH DATA ELEMENTS--GENERAL INFORMATION | |
| fixed length control field | 220620s9999||||xx |||||||||||||| ||und|| |
| 020 ## - INTERNATIONAL STANDARD BOOK NUMBER | |
| International Standard Book Number | 9616500902 |
| 022 ## - INTERNATIONAL STANDARD SERIAL NUMBER | |
| International Standard Serial Number | 1854-2964 |
| 100 ## - MAIN ENTRY--PERSONAL NAME | |
| Personal name | Pipan, Tanja |
| 245 #0 - TITLE STATEMENT | |
| Title | Epikarst – A Promising habitat |
| Remainder of title | Copepod fauna, its diversity and ecology. A case study from Slovenia (Europe) |
| 546 ## - LANGUAGE NOTE | |
| Language note | English[eng] |
| 650 ## - SUBJECT ADDED ENTRY--TOPICAL TERM | |
| Topical term or geographic name entry element | biodiversity||copepods||epikarst||fauna||karst caves||research||Slovenia||speleobiology||biološka raznovrstnost||ceponožci||epikras||favna||kraške jame||raziskave||Slovenija||speleobiologija |
| 856 ## - ELECTRONIC LOCATION AND ACCESS | |
| Uniform Resource Identifier | <a href="https://omp.zrc-sazu.si/zalozba/catalog/view/611/2576/207-2">https://omp.zrc-sazu.si/zalozba/catalog/view/611/2576/207-2</a> |
| 942 ## - ADDED ENTRY ELEMENTS (KOHA) | |
| Koha item type | E-Books |
| Withdrawn status | Lost status | Damaged status | Not for loan | Home library | Current library | Date acquired | Total Checkouts | Date last seen | Price effective from | Koha item type |
|---|---|---|---|---|---|---|---|---|---|---|
| Kerala University of Digital Sciences, Innovation and Technology Knowledge Centre | Kerala University of Digital Sciences, Innovation and Technology Knowledge Centre | 20/06/2022 | 20/06/2022 | 20/06/2022 | E-Books |